Unique Words--Hamilton Quiz Stats

 Plays Quiz not verified by Sporcle

Challenge
Share
Tweet
Embed
Score 0/45 Timer 14:00
0 Plays Today
% Correct
Who Lives Who Dies Who Tells Your Story
79.9%
Burn
79.1%
Schuyler Defeated
75.2%
It's Quiet Uptown
72.4%
A Winter's Ball
71.8%
My Shot
71.7%
Wait For It
71.2%
Helpless
70.1%
What Comes Next
65.4%
The Room Where It Happens
63.2%
Blow Us All Away
62.6%
Farmer Refuted
60.9%
Right Hand Man
60%
Cabinet Battle 2
56.9%
History Has Its Eyes On You
55.5%
That Would Be Enough
54.8%
The Schuyler Sisters
54.2%
I Know Him
54.2%
One Last Time
54%
Say No To This
53.7%
Guns And Ships
53.1%
You'll Be Back
52.8%
Cabinet Battle 1
48.9%
% Correct
Dead Theodosia
47.2%
The Story Of Tonight (Reprise)
46.7%
Washington On Your Side
45.8%
Ten Duel Commandments
45.3%
Alexander Hamilton
42.4%
Your Obedient Servant
42.1%
The World Was Wide Enough
39.7%
Best Of Wives And Best Of Women
39.3%
The Election Of 1800
39.1%
Aaron Burr Sir
38.2%
Take A Break
37.7%
Meet Me Inside
35.5%
We Know
34.9%
Stay Alive (Reprise)
32.6%
Yorktown (The World Turned Upside Down)
31.8%
Hurricane
30.7%
Satisfied
30.1%
The Adams Administration
24.8%
Non-Stop
21.3%
What'd I Miss
18.4%
The Reynolds Pamphlet
16.7%
Stay Alive
16.5%

You're not logged in!

Compare scores with friends on all Sporcle quizzes.
OR
Log In

You Might Also Like...

Show Comments

Extras

Top Quizzes Today


Score Distribution

Your Account Isn't Verified!

In order to create a playlist on Sporcle, you need to verify the email address you used during registration. Go to your Sporcle Settings to finish the process.

Report this User

Report this user for behavior that violates our Community Guidelines.

Details: